Statistics for British Grand Prix Winners (Formula 1)

Click here to take the quiz!

General Stats

  • This quiz has been taken 419 times
  • The average score is 49 of 65

Answer Stats

YearCityWinner% Correct
2014SilverstoneLewis Hamilton
97%
2008SilverstoneLewis Hamilton
97%
1988SilverstoneAyrton Senna
95%
1994SilverstoneDamon Hill
95%
2004SilverstoneMichael Schumacher
95%
2002SilverstoneMichael Schumacher
95%
1998SilverstoneMichael Schumacher
95%
1989SilverstoneAlain Prost
94%
1985SilverstoneAlain Prost
94%
1983SilverstoneAlain Prost
94%
1993SilverstoneAlain Prost
94%
1990SilverstoneAlain Prost
94%
2009SilverstoneSebastian Vettel
94%
2011SilverstoneFernando Alonso
93%
2006SilverstoneFernando Alonso
93%
1956SilverstoneJuan Manuel Fangio
93%
1986Brands HatchNigel Mansell
92%
1987SilverstoneNigel Mansell
92%
1992SilverstoneNigel Mansell
92%
1991SilverstoneNigel Mansell
92%
2010SilverstoneMark Webber
87%
2012SilverstoneMark Webber
87%
1969SilverstoneJackie Stewart
86%
1971SilverstoneJackie Stewart
86%
2013SilverstoneNico Rosberg
86%
1984Brands HatchNiki Lauda
86%
1982Brands HatchNiki Lauda
86%
1976Brands HatchNiki Lauda
86%
2007SilverstoneKimi Raikkonen
85%
1952SilverstoneAlberto Ascari
83%
1953SilverstoneAlberto Ascari
83%
1996SilverstoneJacques Villeneuve
83%
1997SilverstoneJacques Villeneuve
83%
1950SilverstoneGiuseppe Farina
82%
1977SilverstoneJames Hunt
82%
1965SilverstoneJim Clark
81%
1962AintreeJim Clark
81%
1963SilverstoneJim Clark
81%
1964Brands HatchJim Clark
81%
2001SilverstoneMika Hakkinen
81%
1975SilverstoneEmerson Fittipaldi
80%
1972Brands HatchEmerson Fittipaldi
80%
1967SilverstoneJim Clark
80%
1999SilverstoneDavid Coulthard
77%
2000SilverstoneDavid Coulthard
77%
1957AintreeTony Brooks/Stirling Moss
76%
1955AintreeStirling Moss
75%
1959AintreeJack Brabham
74%
1960SilverstoneJack Brabham
74%
1966Brands HatchJack Brabham
74%
2003SilverstoneRubens Barrichello
73%
1980Brands HatchAlan Jones
72%
1970Brands HatchJochen Rindt
62%
1974Brands HatchJody Scheckter
62%
2005SilverstoneJuan Pablo Montoya
60%
1995SilverstoneJohnny Herbert
46%
1978Brands HatchCarlos Reutemann
42%
1979SilverstoneClay Regazzoni
38%
1981SilverstoneJohn Watson
30%
1961AintreeWolfgang von Trips
30%
1951SilverstoneJose Frolian Gonzalez
29%
1954SilverstoneJose Frolian Gonzalez
29%
1958SilverstonePeter Collins
27%
1973SilverstonePeter Revson
13%
1968Brands HatchJoseph Siffert
9%

Score Distribution

Percentile by Number Answered

Percent of People with Each Score

Your Score History

You have not taken this quiz